00671nam a2200241 a 4500001001300000003000900013005001700022008004100039020001000080082001300090100002000103245002600123260004400149300000900193500003500202505001700237650001200254700002000266902000800286942000700294952011300301999001500414nice12345678IN_TiNIC20260116011728.0050524s1967 boma grp 000 0 eng  ac10000a272bALC aAlcock, Deborah aTales of Martyr Times aBombaybGospel Literature Servicec1967 a158p aincludes index and biblioraphy2 aBibliography aMartyrs1 aAlcock, Deborah bSRS cBK 001040708StackRoom-aHMIbHMId2007-07-18g100.00l0o272 ALCp08773r2007-07-18v100.00w2005-05-24yBK c3568d3568